000 01782cam a22003737a 4500
999 _c329359
_d329359
001 15948289
003 Nust
005 20170503170039.0
008 091016s2008 nyua b 001 0 eng d
010 _a 2009284358
020 _a9780060789404
020 _a0060789409
035 _a(OCoLC)ocn156814766
040 _aBTCTA
_cBTCTA
_dBAKER
_dYDXCP
_dLPU
_dHCO
_dDPL
_dTXA
_dNTD
_dVP@
_dCQU
_dDLC
042 _alccopycat
050 0 0 _aQ172.5.S95
_bD87 2008
082 0 4 _a510.92 SAU
_222
100 1 _aDu Sautoy, Marcus.
240 1 0 _aFinding moonshine
245 1 0 _aFinding Moonshine :
_bA Mathematician's journey through Symmetry /
_cMarcus du Sautoy.
260 _aFourth Estate,London :
_bHarper,
_cc2008.
300 _a376 p. :
_bill. ;
_c24 cm.
500 _a"First published in Great Britain as Finding Moonshine in 2008 by Fourth Estate"--T.p. verso.
504 _aIncludes bibliographical references (p. [355]-359) and index.
520 _aA mathematician draws on scientific findings about the role of symmetry in understanding the dynamic relationship between objects, exploring such topics as the theory of fundamental particles, the role of symmetry in evolutionary biology, and the discovery of an enormous dimensional space snowflake.
650 0 _aSymmetry (Mathematics)
650 0 _aGeometry in nature.
650 7 _aGeometry.
_2sears
650 7 _aNature.
_2sears
856 4 2 _3Contributor biographical information
_uhttp://www.loc.gov/catdir/enhancements/fy1001/2009284358-b.html
856 4 2 _3Publisher description
_uhttp://www.loc.gov/catdir/enhancements/fy1001/2009284358-d.html
906 _a7
_bcbc
_ccopycat
_d2
_encip
_f20
_gy-gencatlg
942 _2ddc
_cBK
_k510.92 SAU